000 01116nam a2200301 i 4500
003 DO-SdBNP
005 20260512092943.0
007 ta
008 260512b1987 dr ac||| |||| 00| 0 spa d
040 _aDO-SdBNP
_bspa
_cBNPHU
_erda
041 _aspa
082 4 _a923.27293
_bD812b 1987
_222
100 1 _a Balaguer, Joaquín,
_d1906-2002
_4aut.
_eautor
_976556
245 1 3 _aEl cristo de la libertad :
_bvida de Juan Pablo Duarte /
_cJoaquín Balaguer
250 _aEdición especial
264 1 _aSanto Domingo :
_bFundación Pro-Cultura Popular,
_c1987.
300 _a224 páginas :
_bilustraciones, retratos ;
_c21 cm.
336 _atexto
_btxt
_2rdacontent
337 _asin mediación
_bn
_2rdamedia
338 _avolumen
_bnc
_2rdacarrier
500 _aIncluye datos biográficos del autor en las solapas
505 _aEl Hombre--
_tEl Patriota--
_tEl Mártir--
_tFisionomía moral del Padre de la patria.
590 _aInventariado 2026/BT
600 1 0 _aDuarte, Juan Pablo,
_d1813-1876
_91494
650 4 _aEstadístas
_vBiografías
_zRepública Dominicana
_945404
910 _aBtavárez
942 _2ddc
_cLBS1
999 _c60715
_d60715